BROKEN PROMISES: CASTE, CRIME & POLITICS IN BIHAR (Record no. 32049)

MARC details
000 -LEADER
fixed length control field 00319nam a22001337a 4500
003 - CONTROL NUMBER IDENTIFIER
control field SGT
020 ## - INTERNATIONAL STANDARD BOOK NUMBER
International Standard Book Number 9789360455224
082 ## - DEWEY DECIMAL CLASSIFICATION NUMBER
Classification number 301
Item number B24S
100 ## - MAIN ENTRY--PERSONAL NAME
Personal name SHARMA, MRITYUNJAY
245 ## - TITLE STATEMENT
Title BROKEN PROMISES: CASTE, CRIME & POLITICS IN BIHAR
260 ## - PUBLICATION, DISTRIBUTION, ETC. (IMPRINT)
Name of publisher, distributor, etc WESTLAND NON - FICTION
Year of Publication 2024
300 ## - PAGE DESCRIPTION
No. of Pages 333
942 ## - ADDED ENTRY ELEMENTS (KOHA)
Source of classification or shelving scheme Dewey Decimal Classification
Koha item type Books
Holdings
Withdrawn status Lost status Source of classification or shelving scheme Damaged status Not for loan Home library Current library Shelving location Date acquired SGTU Total Checkouts Full call number Accession No. (Barcode) Date last seen Bill Date Koha item type
    Dewey Decimal Classification   Not For Loan SGT Chancellor's Library SGT Chancellor's Library Reference Book 07/07/2025 SGTU   301 B24S CH4070 07/07/2025 07/07/2025 Books